Autocad 2004 : Tips and shortcuts

Bibliographic Details
Main Author: Palani Murugappan
Format: Book
Published: Selangor : Venton Publishing (M) Sdn. Bhd. , 2004
Subjects:

MARC

LEADER 00000cam a2200000 7i4500
001 0000015457
005 20050701.0
020 |a 9832661307 
040 |a INS 
090 0 0 |a T385.   |b P153 2004 
100 1 |a Palani Murugappan 
245 1 0 |a Autocad 2004 :   |b Tips and shortcuts   |c Palani Murugappan 
260 |a Selangor :   |b Venton Publishing (M) Sdn. Bhd. ,   |c 2004 
300 |a 248p ;   |c 25cm. 
650 0 0 |a Computer graphics   |x Autocad (computer programme) 
999 |a 0000015558   |b BOOK   |c Open Shelf   |e Default branch 
999 |a 0000015559   |b BOOK   |c Red Spot   |e Default branch